| 000 | 00857cab a2200217 4500 | ||
|---|---|---|---|
| 001 | WB2737-54 | ||
| 008 | 090401t1991 xxu||||| |||| 00| 0 eng d | ||
| 035 | _a(Sirsi) u59174 | ||
| 041 | _aeng | ||
| 245 | _aSatellite dishes | ||
| 260 | _c1991 | ||
| 350 | _a0 | ||
| 490 |
_aDoE News Release _v(552) 19 September 1991 |
||
| 490 |
_aPlanning (for the Natural and Built Environment) _v(937) 27 september 1991, 17(3) |
||
| 520 | _aGuidelines on the installation of satellite dishes have been published by the DoE which inform householders of the circumstances in which they can install without needing to apply for planning permission so encouraging installation which minimises impact on the neighbourhood. | ||
| 650 | _aPLANNING PERMISSION | ||
| 650 | _aSATELLITE DISHES | ||
| 690 | _aPLANNING LAW AND PRACTICE | ||
| 942 | _n0 | ||
| 948 | _c04/03/1997 | ||
| 999 |
_c36267 _d36267 |
||